00871nam a22002537a 450000500170000001000130001702000230003003500130005303700160006604000120008208200150009424500860010926000460019527000480024130000220028950000200031165000370033165000330036870000210040170000260042294200240044899900190047295201260049120170124110238.0 aA-408502 c150.00a0876925212 aA-408502 bCen Lib/Ret aDPLbEN a621.3bREC aRecent trends in electric energy systems /cedited by J.Nanda [and] D.P. Kothari  aNew Delhi bPrentice Hall of India c1988 aM-97, Connaught circus bNew Delhi e110001 axi, 338c21cm(Hb) aIncludes index  aElectrica energy systems 993175 aMachines and control 993176 aNanda, J.993177 aKothari, D.P. 940037 2ddccENh621.3mREC c135026d135026 00104070aLbLd2015-09-29eCen Lib/Retg150.00l0o621.3 RECpA-408502r2015-09-29 00:00:00t1v150.00w2015-09-29yEN